Southville International School and Colleges
Your cart is empty.
  • Cart
  • Lists
    Public lists Eva Luna New books Lux_list list_1
    Your lists Log in to create your own lists
  • Log in to your account
  • Your cookies
  • Search history
Southville International School and Colleges
  • Advanced search
  • Recent comments
  • Most popular
  • Libraries

Log in to your account

Log in with GOOGLE


If you do not have an external account, but do have a local account, you can still log in:

  1. Home
  2. MARC view: Thie Philippine nursing act 2002 :
Normal view MARC view ISBD view

Thie Philippine nursing act 2002 : (Record no. 291449)

[ view plain ]
MARC details
000 -LEADER
fixed length control field 00664nam a2200241Ia 4500
008 - FIXED-LENGTH DATA ELEMENTS--GENERAL INFORMATION
fixed length control field 160303s9999 xx 000 0 und d
020 ## - INTERNATIONAL STANDARD BOOK NUMBER
International Standard Book Number 971-23-3680-8
050 ## - LIBRARY OF CONGRESS CALL NUMBER
Classification number FIL KPM 1079
050 ## - LIBRARY OF CONGRESS CALL NUMBER
Item number .A3D37 2003
100 ## - MAIN ENTRY--PERSONAL NAME
Personal name Dascil, Rodelito T.
245 ## - TITLE STATEMENT
Title Thie Philippine nursing act 2002 :
245 ## - TITLE STATEMENT
Remainder of title explained /
245 ## - TITLE STATEMENT
Statement of responsibility, etc Rodelito T. Dascil, David Robert C. Aquino.
260 ## - PUBLICATION, DISTRIBUTION, ETC. (IMPRINT)
Place of publication, distribution, etc Manila :
260 ## - PUBLICATION, DISTRIBUTION, ETC. (IMPRINT)
Name of publisher, distributor, etc Rex Book Store, Inc.
260 ## - PUBLICATION, DISTRIBUTION, ETC. (IMPRINT)
Date of publication, distribution, etc 2003
300 ## - PHYSICAL DESCRIPTION
Extent 159 pages :
300 ## - PHYSICAL DESCRIPTION
Dimensions 23 cm.
650 ## - SUBJECT ADDED ENTRY--TOPICAL TERM
Topical term or geographic name as entry element Medical laws and legislation --
650 ## - SUBJECT ADDED ENTRY--TOPICAL TERM
Topical term or geographic name as entry element Nursing --
650 ## - SUBJECT ADDED ENTRY--TOPICAL TERM
General subdivision Law and legislation -- Philippines.
650 ## - SUBJECT ADDED ENTRY--TOPICAL TERM
General subdivision Philippines.
Holdings
Withdrawn status Lost status Damaged status Home library Current library Shelving location Date acquired Total Checkouts Full call number Barcode Date last seen Price effective from Koha item type
      South Mansfield College South Mansfield College Filipiniana Section 06/02/2006   FIL KPM 1079 .A3D37 2003 SMC02677 03/03/2016 03/03/2016  

Thie Philippine nursing act 2002 :

APA

Dascil R. T., .Thie Philippine nursing act 2002. Manila: .

Chicago

Dascil Rodelito T, .Thie Philippine nursing act 2002. Manila: .

Harvard

Dascil R. T., .Thie Philippine nursing act 2002. Manila: .

MLA

Dascil Rodelito T, .Manila: . .

  • Place hold
  • Print
  • Cite
  • Add to your cart (remove)
  • Save record
    BIBTEX Dublin Core MARCXML MARC (non-Unicode/MARC-8) MARC (Unicode/UTF-8) MARC (Unicode/UTF-8, Standard) MODS (XML) RIS
  • More searches
    Search for this title in:
    Other Libraries (WorldCat) Other Databases (Google Scholar) Online Stores (Bookfinder.com) Open Library (openlibrary.org)

Exporting to Dublin Core...

SOUTHVILLE LIBRARY

Southville International School and Colleges Library

1281 Tropical Ave. Cor. Luxembourg St., BF Homes International, Las Pinas City

Tel. No. 8256374 / 252358 Loc. 117/146

Powered by Koha